El positivismo lógico. El Círculo de Viena.

Guardat en:
Dades bibliogràfiques
Autor principal: Porta, Miguel (autor)
Format: Llibre
Idioma:anglès
Publicat: Barcelona, España: Montesinos, 1983.
Col·lecció:Biblioteca de Divulgación Temática, 20.
Matèries:
Etiquetes: Afegir etiqueta
Sense etiquetes, Sigues el primer a etiquetar aquest registre!

MARC

LEADER 00000nam a22000007a 4500
003 CL-VaPUC
005 20220822114420.0
008 220217t1983 ||||| |||| 00| 0 eng d
999 |c 434448  |d 434446 
020 |a 84-85859-58-8 
040 |c Pontificia Universidad Católica de Valparaíso 
082 |a 146.42 POR 1983  |2 22 
100 1 |a Porta, Miguel  |e autor  |9 866235 
245 |a El positivismo lógico.  |b El Círculo de Viena.  
260 |a Barcelona, España:   |b Montesinos,   |c 1983. 
300 |a 147 páginas.  
490 |a Biblioteca de Divulgación Temática,   |v 20. 
500 |a c.1 Donación Familia Prof. Alejandro Guzmán Brito. 
583 |c 20220217  |k Yessy Stephany Diaz Vidal 
650 0 |a Positivismo  |9 269460 
650 0 |a Positivismo lógico  |9 255539 
650 0 |a Escuelas filosóficas   |9 266232 
650 0 |a Empirismo  |9 255037 
942 |2 ddc  |c BK  |n 0